000 00630nam a2200205Ia 4500
003 GCL
008 140319s9999 xx 000 0 ara d
040 _aGCL /
_cGCL
082 0 4 _a241
_bم ا
100 1 _aمحمد متولى الشعراوى
245 1 0 _aاثبات وجودالله ووحدانيته /
_cمحمد متولى الشعراوى
700 1 _aمحسن ابراهيم الدسوقى على
260 _a[S.N] :
_bمكتبة التراث الاسلامى ،
_c1989
300 _a112 ص
490 _a
650 0 4 _aالاسلام
650 0 4 _aالوحدانية
650 0 4 _aالله
942 _2ddc
_cBK
999 _c52535
_d52535